Editorial del ejercito

La investigación trata de estudios de una serie de datos para alguna, “utilidad” de una serie de estudios e información básica para el diseño de una imprenta.

Bibliographic Details
Main Author: Ceballos Espigares, Mario Francisco
Other Authors: Tutor: Laporte Moilna, Mauricio
Format: Tesis Section = Libro
Language:Undetermined
Spanish
Published: Guatemala USAC-G 1973
Subjects:
LEADER 00770nam a2200217Ia 4500
008 240830s9999 xx 000 0 und d
040 |a BIBLIOTECA-RUSB/ Mon 725.4 C387 
041 |a spa 
082 |a Mon 725.4 C387 
100 1 |a Ceballos Espigares, Mario Francisco 
245 1 0 |a Editorial del ejercito 
260 |a Guatemala  |b USAC-G  |c 1973 
300 |a 100 p. :il. 
502 |a Tesis (Arquitecto) - USAC-G, 1973. 
520 3 |a La investigación trata de estudios de una serie de datos para alguna, “utilidad” de una serie de estudios e información básica para el diseño de una imprenta. 
650 7 |a EDIFICIOS INDUSTRIALES 
650 7 |b  IMPRENTAS-GUATEMALA I 
700 1 |a Tutor:  |b Laporte Moilna, Mauricio 
942 |c BK  |2 ddc 
991 |a TESIS 
999 |c 21244